| 000 | nam a22 a 4500 | ||
|---|---|---|---|
| 999 |
_c409436 _d409436 |
||
| 003 | BLK | ||
| 005 | 20210419130035.0 | ||
| 008 | 210413b bu |||||r|||| 00| 0 bu d | ||
| 040 | _aBLK | ||
| 041 |
_aFRE _cFRE |
||
| 080 |
_aМатериални основи на живота. Биохимия. Молекулярна биология. Биофизика. Вж и 576.3; 612.015 _b577 _z577 |
||
| 100 |
_9324461 _aHaeckel, Ernest _eпърви автор |
||
| 139 | _aHaeckel, Ernest | ||
| 245 |
_aEssais de psychologie cellulaire _cErnest Haeckel; Traduit de l'allemand et précédé d'une préface, par Jules Soury |
||
| 257 | _aFRA | ||
| 260 |
_9219264 _aParis _bGermer Bailliere _c1880 |
||
| 300 |
_aXXIX-159 p. _c18 см |
||
| 380 | _a5 | ||
| 490 |
_9435080 _aКолекция Редки и ценни издания |
||
| 650 | 7 |
_9148751 _aБиохимия |
|
| 852 |
_aРф 880 _bРц |
||
| 942 |
_cKNG _n0 _s1 |
||
| 944 |
_aCR _c2021-04-19 _kНР |
||
| 999 | _d409436 | ||